David Bowie Albums - Statistics

General Stats
  • This quiz has been taken 293 times
  • The average score is 18 of 27
Answer Stats
Hint Answer % Correct
1972 The Rise and Fall of Ziggy Stardust and the Spiders from Mars
98%
1977 "Heroes"
90%
1971 Hunky Dory
90%
2016 Blackstar
87%
1967 David Bowie
87%
1969 David Bowie (Space Oddity)
87%
1977 Low
87%
1983 Let's Dance
85%
1973 Aladdin Sane
82%
1970 The Man Who Sold the World
82%
1974 Diamond Dogs
80%
1976 Station to Station
72%
1975 Young Americans
72%
1980 Scary Monsters (And Super Creeps)
71%
1979 Lodger
70%
1973 Pin Ups
69%
2013 The Next Day
59%
2002 Heathen
58%
1997 Earthling
54%
1993 Black Tie White Noise
48%
1984 Tonight
47%
1995 Outside
43%
2003 Reality
42%
1987 Never Let Me Down
41%
1999 'Hours...'
40%
1989 Tin Machine
35%
1991 Tin Machine II
28%
No matching quizzes found
Score Distribution
Percent of People with Each Score
Percentile by Number Answered
Your Score History
You have not taken this quiz